Longman Dictionary of Contemporary English/ (Record no. 29132)
[ view plain ]
| 000 -LEADER | |
|---|---|
| fixed length control field | 00809nam a22002057a 4500 |
| 008 - FIXED-LENGTH DATA ELEMENTS--GENERAL INFORMATION | |
| fixed length control field | 090811t xxu||||| |||| 00| 0 eng d |
| 010 ## - LCCN (DPL NO) | |
| LC control number | B-353872 |
| 020 ## - INTERNATIONAL STANDARD BOOK NUMBER | |
| International Standard Book Number | 978140822202975 |
| Terms of availability | 610-00 |
| 035 ## - SYSTEM CONTROL NUMBER | |
| System control number | B-353872 |
| 037 ## - SOURCE OF ACQUISITION | |
| Stock number | UBH |
| Source of stock number/acquisition | RP/CL/E;16/81/25-07-09/31-07-09 |
| 040 ## - CATALOGING SOURCE | |
| Original cataloging agency | dpl |
| Language of cataloging | eng |
| 082 ## - DEWEY DECIMAL CLASSIFICATION NUMBER | |
| Classification number | 483.2 |
| 245 ## - TITLE STATEMENT | |
| Title | Longman Dictionary of Contemporary English/ |
| 260 ## - PUBLICATION, DISTRIBUTION, ETC. (IMPRINT) | |
| Place of publication, distribution, etc | England |
| Name of publisher, distributor, etc | Pearson Education |
| Date of publication, distribution, etc | 2009 |
| 270 ## - ADDRESS | |
| Address | Edinburgh Gate Harlow Essex cm20 2JE |
| City | England |
| 300 ## - PHYSICAL DESCRIPTION | |
| Extent | xiv, 2080pgs |
| Dimensions | 24cm |
| 942 ## - ADDED ENTRY ELEMENTS (KOHA) | |
| Source of classification or shelving scheme | Dewey Decimal Classification |
| Item type | English Books |
| Classification part | 483.2 |
| Call number suffix | LON |
| Withdrawn status | Lost status | Source of classification or shelving scheme | Damaged status | Not for loan | Home library | Current library | Date acquired | Source of acquisition | Cost, normal purchase price | Total Checkouts | Full call number | Barcode | Date last seen | Cost, replacement price | Koha item type |
|---|---|---|---|---|---|---|---|---|---|---|---|---|---|---|---|
| Dewey Decimal Classification | Central Library | Central Library | 31/07/2009 | RP/CL/UBH | 610.00 | 483.2 LON | B-353872 | 11/08/2009 | 610.00 | English Books |
